00931cam a22002531 4500001001300000003000400013005001700017008004100034010001700075035002000092040004100112050003100153082001200184100002400196245005500220260007000275300003700345490006500382500009400447504003200541651003600573651005100609999001700660sd 46000001 DLC20260227112735.0950222s1945 nyu b 000 0 eng c asd 46000001  a(OCoLC)32033955 aU.S. Dept. of State. Libr.cIENdDLC00aD410b.F65 vol. 21, no. 17 0a330.9421 aMcClellan, Grant S.12aA new Britain under labor?cBy Grant S. McClellan. aNew York, N.Y.,bForeign Policy Association, Incorporatedc[1945] a1 p. l., 235-243, [1] p.c27 cm.0 aForeign policy reports,vvol. XXI, no. 17. November 15, 1945 a"Britain's health and educational plans, by O.K.D. Ringwood and G.S. McClellan": p. [244] aBibliographical foot-notes. 0aGreat BritainxEconomic policy. 0aGreat BritainxEconomic conditionsy1918-1945. c89960d89960